Proyectos curriculares y práctica docente (Registro nro. 364253)
[ vista simple ]
| 001 - NÚMERO DE CONTROL | |
|---|---|
| campo de control | 949084 |
| 005 - FECHA Y HORA DE LA ÚLTIMA TRANSACCIÓN | |
| campo de control | 20260506155724.0 |
| 008 - DATOS DE LONGITUD FIJA--INFORMACIÓN GENERAL | |
| campo de control de longitud fija | 051006s1997 spa |
| 020 ## - NÚMERO INTERNACIONAL ESTÁNDAR DEL LIBRO | |
| Número Internacional Estándar del Libro | 8487118577 |
| 035 ## - NÚMERO DE CONTROL DEL SISTEMA | |
| Número de control de sistema | 949084 |
| 035 ## - NÚMERO DE CONTROL DEL SISTEMA | |
| Número de control de sistema | (OCoLC)641421040 |
| 040 ## - FUENTE DE LA CATALOGACIÓN | |
| Centro/agencia transcriptor | comduadb |
| 041 ## - CÓDIGO DE LENGUA | |
| Código de lengua del texto/banda sonora o título independiente | spa |
| 080 ## - NÚMERO DE LA CLASIFICACIÓN DECIMAL UNIVERSAL | |
| Número de la Clasificación Decimal Universal | B/ |
| 082 #4 - NÚMERO DE LA CLASIFICACIÓN DECIMAL DEWEY | |
| Número de clasificación | 372 |
| 100 10 - ENTRADA PRINCIPAL--NOMBRE DE PERSONA | |
| Nombre de persona | Martínez Bonafé, Jaume |
| Código de función | aut |
| Término indicativo de función/relación | Autor/a |
| 9 (RLIN) | 410718 |
| 245 10 - MENCIÓN DE TÍTULO | |
| Título | Proyectos curriculares y práctica docente |
| 250 ## - MENCIÓN DE EDICIÓN | |
| Mención de edición | 3. edición. |
| 260 ## - PUBLICACIÓN, DISTRIBUCIÓN, ETC. | |
| Lugar de publicación, distribución, etc. | Barcelona : |
| Nombre del editor, distribuidor, etc. | Diada, |
| Fecha de publicación, distribución, etc. | 1997. |
| 300 ## - DESCRIPCIÓN FÍSICA | |
| Extensión | 84 páginas. |
| 490 0# - MENCIÓN DE SERIE | |
| Mención de serie | Colección : Investigación y Enseñanza. Serie Práctica ; |
| Designación de volumen o secuencia | 7 |
| 500 ## - NOTA GENERAL | |
| Nota general | GENERAL : Ejemplar ubicado en la biblioteca Carlos Gaviria Díaz es la quinta reimpresión de febrero de 2000. |
| 505 ## - NOTA DE CONTENIDO CON FORMATO | |
| Nota de contenido con formato | CONTENIDO : 1: Introducción: El recuerdo de nuestra propia experiencia personal: la ruptura entre la teoría y la práctica. -- 2: El proyecto curricular en el marco de la reforma educativa. -- 3: Materiales a prueba de profesores. -- 4: Los proyectos curriculares como vía de investigación y experimentación de la renovación pedagógica. -- 5: El proyecto curricular en la investigación y desarrollo del curriculum.Algunos ejemplos. -- 6: Marco y componentes de un proyecto curricular. -- 7: Epilogo. -- 8: Referencias bibliográficas. |
| 520 3# - SUMARIO, ETC. | |
| Sumario, etc. | "El texto pretende desarrollar la posibilidad de reencontrar un espacio para la unidad perdida entre la teoría y la práctica curricular a través de los llamados proyectos curriculares, para ello se hace necesario un marco de análisis, criterios de elaboración y un listado de condiciones que hagan posible una práctica innovadora." |
| 650 ## - PUNTO DE ACCESO ADICIONAL DE MATERIA--TÉRMINO DE MATERIA | |
| Término de materia o nombre geográfico como elemento de entrada | Proyectos curriculares |
| 9 (RLIN) | 65142 |
| 650 ## - PUNTO DE ACCESO ADICIONAL DE MATERIA--TÉRMINO DE MATERIA | |
| Término de materia o nombre geográfico como elemento de entrada | Práctica docente |
| 9 (RLIN) | 72293 |
| 650 #7 - PUNTO DE ACCESO ADICIONAL DE MATERIA--TÉRMINO DE MATERIA | |
| Término de materia o nombre geográfico como elemento de entrada | Innovaciones educativas |
| Fuente del encabezamiento o término | lemb |
| 9 (RLIN) | 39728 |
| 650 ## - PUNTO DE ACCESO ADICIONAL DE MATERIA--TÉRMINO DE MATERIA | |
| Término de materia o nombre geográfico como elemento de entrada | Reforma educativa |
| 9 (RLIN) | 1382 |
| 942 ## - ELEMENTOS DE ENTRADA AGREGADA (KOHA) | |
| Tipo de ítem Koha | Libros |
| Estado de retiro | Estado de pérdida | Estado dañado | No para préstamo | Código de colección | Localización permanente | Ubicación/localización actual | Fecha de adquisición | Número de inventario | Total de préstamos | Signatura topográfica completa | Código de barras | Fecha visto por última vez | Número de copia | Precio válido a partir de | Tipo de ítem Koha | Fuente del sistema de clasificación o colocación | Fuente de adquisición | Coste, precio normal de compra | Fecha del último préstamo |
|---|---|---|---|---|---|---|---|---|---|---|---|---|---|---|---|---|---|---|---|
| Colección General Piso 2 | Biblioteca Carlos Gaviria Díaz, Campus Medellín | Biblioteca Carlos Gaviria Díaz, Campus Medellín | 30/08/2017 | C1267299 | 2 | 372.19 M386 | 1039378 | 13/03/2024 | 2 | 26/04/2023 | Libros | Clasificación Decimal Dewey | Material adquirido por donación | 18000.00 | 06/03/2024 | ||||
| Colección General | Centro Documentación Educación (Bl. 9-140) | Centro Documentación Educación (Bl. 9-140) | 06/10/2005 | C884016 | B/0093 | 0590490 | 26/04/2023 | 1 | 26/04/2023 | Libros |